|
|
|
|
| LEADER |
00941nam a2200253 a 4500 |
| 001 |
000603299 |
| 003 |
CZ BrMZK |
| 005 |
20161122091710.0 |
| 007 |
ta |
| 008 |
020529s1989 xr f cze d |
| 015 |
|
|
|a cnb001265779
|
| 040 |
|
|
|a BOA001
|b cze
|c BOA001
|
| 080 |
|
|
|a 685.34(437.266)
|2 MRF
|
| 100 |
1 |
|
|a Chrástek, František,
|d 1953-
|7 jn19990209285
|4 pht
|
| 245 |
1 |
0 |
|a Obuvnický průmysl - Svit, státní podnik, kombinátní závod Havířov /
|c fotografie František Chrástek ; autor textu Bronislav Kožušník
|
| 246 |
1 |
|
|i Název v tiráži:
|a Obuvnický průmysl - Svit, státní podnik Gottwaldov
|
| 260 |
|
|
|a Gottwaldov :
|b Svit,
|c 1989
|
| 300 |
|
|
|a 1 svazek (nestránkováno) :
|b il.
|
| 500 |
|
|
|a Název z obálky
|
| 700 |
1 |
|
|a Kožušník, Bronislav
|4 aut
|
| 910 |
|
|
|a BOA001
|b X-0950.904
|
| 990 |
|
|
|a BK
|
| 991 |
|
|
|b 201611
|
| 996 |
6 |
|
|b 2619305226
|c X-0950.904
|l MZK
|r Sklad / do 24 hodin
|n 2
|w 000603299
|u 000010
|a 1
|e BOA001
|j MZK50
|s P
|